LEADER 01344nam0-2200361---450- 001 990009119930403321 005 20110607151623.0 035 $a000911993 035 $aFED01000911993 035 $a(Aleph)000911993FED01 035 $a000911993 100 $a20091124d1828----km-y0itay50------ba 101 0 $alat 102 $aDE 105 $ay-------001yy 200 1 $aP.Ovidii Nasonis Quae supersunt. Ad optimorum librorum fidem accurata edita. Curavit Antonius Richter 205 $aEditio stereotypa 210 $aLipsiae$csumptibus et typis Caroli Tuchnitii$d1828 215 $av. 3$d13 cm. 327 1 $a1.: Heroides, Amores, Ars am., Remedia am., Medicamina f., Halieuticon fr., Consolatio, Nux, et Sabini epistolae$a2.: Metamorphoseon$a3.: Fasti, Tristia, Epistolae ex Ponto, Ibis et Fragmenta 620 $dLipsia 676 $a874 700 1$aOvidius Naso,$bPublius$f<43 a. C.-17?>$0154954 702 1$aRichter,$bAnton 801 0$aIT$bUNINA$gRICA$2UNIMARC 901 $aAQ 912 $a990009119930403321 952 $aSG 870/A 59 (1)$bBibl. 40796$fFLFBC 952 $aSG 870/A 59 (2)$bBibl. 40796$fFLFBC 952 $aSG 870/A 59 (3)$bBibl. 40796$fFLFBC 959 $aFLFBC 996 $aP.Ovidii Nasonis Quae supersunt. Ad optimorum librorum fidem accurata edita. Curavit Antonius Richter$9781365 997 $aUNINA LEADER 01473nam 2200421 450 001 000018238 005 20070503173100.0 010 $a88-8450-021-4 100 $a20050330d2002----km-y0itay0103----ba 101 0 $aeng 102 $aIT 200 1 $aWord, image, number$ecommunication in the Middle Ages$fedited by John J. Contreni and Santa Casciani 200 1 $a1 $n0001569 210 $aTavarnuzze$cSISMEL edizioni del Galluzzo$d2002 215 $a457 p., [20] c.di tav.$cill.$d21 cm. 225 2 $aMicrologus' Library$v8 410 0$12001$aMicrologus' Library 606 $aComunicazione$zSec. 8.-15. 676 $a302.20902$v(21. ed.)$9Comunicazione. 6.-15. sec., 500-1499 702 1$aContreni,$bJohn J. 702 1$aCasciani,$bSanta 801 0$aIT$bUniversità della Basilicata - B.I.A.$gRICA$2unimarc 912 $a000018238 996 $aWord, image, number$984150 997 $aUNIBAS BAS $aMONLET BAS $aMONOGR BAS $aLETTERE CAT $aSTD037$b01$c20050330$lBAS01$h1538 CAT $aDILEO$b01$c20050527$lBAS01$h1307 CAT $c20050601$lBAS01$h1756 CAT $abatch$b01$c20050718$lBAS01$h1053 CAT $c20050718$lBAS01$h1112 CAT $c20050718$lBAS01$h1143 CAT $c20050718$lBAS01$h1157 CAT $aBATCH$b00$c20070503$lBAS01$h1731 FMT Z30 -1$lBAS01$LBAS01$mBOOK$1BASA1$APolo Storico-Umanistico$2DID$BDidattica$3FP/103211$6103211$5L103211$820050330$f04$FPrestabile Didattica